| 000 | 00323cam a22001097a 4500 | ||
|---|---|---|---|
| 008 | 180718b1960 xxu||||| |||| 00| 0 eng d | ||
| 082 | _aA6x54 | ||
| 245 |
_aIndian seals (problems and prospects) _cedited by K.D. Bhargava |
||
| 260 |
_aNew Delhi _bNational Archives of India _c1960 |
||
| 300 | _a31+p. | ||
| 700 | _aBhargava, K.D. | ||
| 999 |
_c487384 _d487384 |
||